Canten señores cantores: 150 melodías del cancionero tradicional argentino
Kaydedildi:
| Asıl Yazarlar: | , |
|---|---|
| Materyal Türü: | Kitap |
| Dil: | İspanyolca |
| Baskı/Yayın Bilgisi: |
Buenos Aires
Ricordi Americana
1963
|
| Konular: | |
| Etiketler: |
Etiketle
Etiket eklenmemiş, İlk siz ekleyin!
|
MARC
| LEADER | 00000cam a2200000 a 4500 | ||
|---|---|---|---|
| 001 | UCF6739 | ||
| 003 | CL-VaPUC | ||
| 005 | 20220603122310.0 | ||
| 008 | 130516e19630000AG |||||||||||||||||spa|d | ||
| 999 | |c 351846 |d 351844 | ||
| 040 | |c Pontificia Universidad Católica de Valparaíso | ||
| 082 | 0 | 4 | |a Ca782.42 GAI 1963 |2 21 |
| 100 | |a Gainza, Violeta Hemsy de |e author |9 568759 | ||
| 245 | 1 | 0 | |a Canten señores cantores: 150 melodías del cancionero tradicional argentino |
| 260 | |a Buenos Aires |b Ricordi Americana |c 1963 | ||
| 300 | |a t | ||
| 500 | |a t.2: adolescentes | ||
| 583 | |a last modification |c 20130516 09:57:00 |k Rodrigo Vera | ||
| 650 | 0 | |a Canciones infantiles |9 307627 | |
| 650 | 0 | |a Compositores argentinos |2 CL-VaPUC |9 456649 | |
| 650 | 0 | |a Rondas infantiles |2 CL-VaPUC |9 568761 | |
| 700 | |a Graetzer, Guillermo |e author |9 630361 | ||
| 942 | |c BK |2 ddc | ||
| 945 | |d 20130516 00:00:00 |a dcastane | ||
| 952 | |0 0 |1 0 |2 ddc |4 0 |6 CA_782_420000000000000_GAI_1963 |7 0 |8 X |9 456220 |a BIBEDU |b BIBEDU |d 2019-11-22 |h t.2 |i 4971078 |o Ca782.42 GAI 1963 |p 4971078 |r 2023-11-22 |w 2019-11-22 |y BK_X |k MUS | ||